Biodiversity impact : biodiversity and environmental impact assessment : a good practice guide for road schemes. (Record no. 100943)

MARC details
000 -LEADER
fixed length control field 00980cam a2200241 4500
008 - FIXED-LENGTH DATA ELEMENTS--GENERAL INFORMATION
fixed length control field 000000n2000 000 0 eng u
020 ## - INTERNATIONAL STANDARD BOOK NUMBER
International Standard Book Number 1901930246
035 ## - SYSTEM CONTROL NUMBER
System control number (Sirsi) u109439
050 ## - LIBRARY OF CONGRESS CALL NUMBER
Classification number 711.73
100 ## - MAIN ENTRY--PERSONAL NAME
Personal name Byron, Helen
245 ## - TITLE STATEMENT
Title Biodiversity impact : biodiversity and environmental impact assessment : a good practice guide for road schemes.
260 ## - PUBLICATION, DISTRIBUTION, ETC.
Place of publication, distribution, etc. Sandy, Beds.
Name of publisher, distributor, etc. RSPB
Date of publication, distribution, etc. 2000
300 ## - PHYSICAL DESCRIPTION
Extent iv,119p. ; 30cm.
350 ## - PRICE (NR) (BK AM CF MU VM SE) [OBSOLETE]
Price 15.00
520 ## - SUMMARY, ETC.
Summary, etc. Based on research carried out at Imperial College, London, funded jointly by the UK Economic and Social Research Council and the Transport and Biodiversity Group (principally the RSPB, WWF-UK, English Nature and the Wildlife Trusts).
650 ## - SUBJECT ADDED ENTRY--TOPICAL TERM
Topical term or geographic name entry element ROAD SCHEMES
650 ## - SUBJECT ADDED ENTRY--TOPICAL TERM
Topical term or geographic name entry element ENVIRONMENTAL IMPACT ASSESSMENTS
650 ## - SUBJECT ADDED ENTRY--TOPICAL TERM
Topical term or geographic name entry element HABITATS
650 ## - SUBJECT ADDED ENTRY--TOPICAL TERM
Topical term or geographic name entry element PROPERTY-INFRASTRUCTURE-TRANSPORT INFRASTRUCTURE-ROAD INFRASTRUCTURE
650 ## - SUBJECT ADDED ENTRY--TOPICAL TERM
Topical term or geographic name entry element ECOSYSTEMS
690 ## - LOCAL SUBJECT ADDED ENTRY--TOPICAL TERM (OCLC, RLIN)
Topical term or geographic name as entry element ENVIRONMENTAL AND LAND CONSULTANCY
942 ## - ADDED ENTRY ELEMENTS (KOHA)
Suppress in OPAC 0
Holdings
Withdrawn status Lost status Source of classification or shelving scheme Damaged status Not for loan Home library Current library Shelving location Date acquired Cost, normal purchase price Total Checkouts Full call number Barcode Date last seen Date last checked out Copy number Cost, replacement price Price effective from Koha item type
    Dewey Decimal Classification     London London Folio 22/11/2000 15.00 4 F711.73 BYR 30062516 06/08/2019 02/11/2007 1 15.00 06/08/2019 Book